[Event "Cto. Espana Selecciones Autonomicas"]
[Site "Padron"]
[Date "2006.10.05"]
[Round "1.1"]
[White "Romero Holmes, Alfonso"]
[Black "Mascaro March, Pedro"]
[Result "1-0"]
[WhiteElo "2512"]
[BlackElo "2360"]
[PlyCount "71"]
[EventDate "2006.10.??"]

1. e4 c5 2. Nf3 d6 3. d4 cxd4 4. Nxd4 Nf6 5. Nc3 Nc6 6. h3 Nxd4 7. Qxd4 g6 8.
e5 dxe5 9. Qxd8+ Kxd8 10. Be3 Be6 11. O-O-O+ Kc8 12. g4 Bd7 13. Bc4 e6 14. g5
Nh5 15. Bb5 Bc6 16. Bxc6 bxc6 17. Ne4 Kc7 18. Rd3 Be7 19. Rhd1 Rhd8 20. Rxd8
Rxd8 21. Rxd8 Bxd8 22. Bxa7 Nf4 23. Be3 Nxh3 24. f3 Nf4 25. Bxf4 exf4 26. a4
Be7 27. c3 Bf8 28. b4 h5 29. gxh6 Bxh6 30. a5 g5 31. Kd2 f5 32. Nc5 e5 33. c4
g4 34. b5 cxb5 35. cxb5 Kc8 36. a6 1-0

[Event "Cto. Espana Selecciones Autonomicas"]
[Site "Padron"]
[Date "2006.10.05"]
[Round "1.1"]
[White "Fluvia Poyatos, Jordi"]
[Black "Gonzalez Arribas, Vidal Alejandro"]
[Result "1/2-1/2"]
[WhiteElo "2458"]
[BlackElo "2297"]
[PlyCount "73"]
[EventDate "2006.10.??"]

1. Nf3 d5 2. c4 c6 3. b3 Nf6 4. g3 Bg4 5. Bg2 e6 6. O-O Nbd7 7. Bb2 Be7 8. d3
O-O 9. Nbd2 Re8 10. h3 Bxf3 11. Nxf3 Qc7 12. Rc1 a5 13. a3 Qb6 14. Rb1 Qa6 15.
Qc2 Rac8 16. e4 h6 17. e5 Nh7 18. Rfe1 f6 19. d4 f5 20. Bf1 Qb6 21. h4 g5 22.
hxg5 Nxg5 23. Nxg5 hxg5 24. g4 Rf8 25. Bd3 fxg4 26. Bh7+ Kh8 27. Kg2 Rf3 28.
Rh1 Rh3 29. Rxh3 gxh3+ 30. Kxh3 Rf8 31. Rh1 Rf4 32. Kg2 Rh4 33. Rxh4 gxh4 34.
Qg6 Qd8 35. Bc1 h3+ 36. Kxh3 Qf8 37. Qh5 1/2-1/2

[Event "Cto. Espana Selecciones Autonomicas"]
[Site "Padron"]
[Date "2006.10.05"]
[Round "1.1"]
[White "Tattersall, Lester"]
[Black "Alsina Leal, Daniel"]
[Result "1/2-1/2"]
[WhiteElo "2254"]
[BlackElo "2430"]
[PlyCount "80"]
[EventDate "2006.10.??"]

1. e4 c5 2. Nf3 d6 3. d4 Nf6 4. Nc3 cxd4 5. Nxd4 a6 6. Be2 e5 7. Nb3 Be7 8. O-O
O-O 9. Kh1 b6 10. f4 Bb7 11. Bf3 Nbd7 12. f5 Rc8 13. g4 Rxc3 14. bxc3 Nxe4 15.
c4 Qa8 16. Qe2 Rc8 17. Be3 Nc3 18. Qg2 Bxf3 19. Rxf3 Rxc4 20. g5 Nd5 21. Re1
Qc6 22. f6 Bf8 23. fxg7 Bxg7 24. Rf2 Nf8 25. Rd2 Nxe3 26. Qxc6 Rxc6 27. Rxe3
Ne6 28. h4 Kf8 29. Re4 Ke7 30. c4 h6 31. Rg2 Rc8 32. Nd2 hxg5 33. hxg5 Rh8+ 34.
Kg1 Rh3 35. Nf1 Kd7 36. Ne3 Nc5 37. Nf5 Nxe4 38. Nxg7 Rg3 39. Rxg3 Nxg3 40. Kg2
Ne4 1/2-1/2

[Event "Cto. Espana Selecciones Autonomicas"]
[Site "Padron"]
[Date "2006.10.05"]
[Round "1.1"]
[White "Lacasa Diaz, Jose Antonio"]
[Black "Munoz Agullo, Jose Francisco"]
[Result "1-0"]
[WhiteElo "2410"]
[BlackElo "2276"]
[PlyCount "63"]
[EventDate "2006.10.??"]

1. e4 c5 2. Nf3 e6 3. d4 cxd4 4. Nxd4 Nf6 5. Nc3 d6 6. g4 h6 7. h3 a6 8. Bg2
Qc7 9. Be3 Nc6 10. f4 Bd7 11. Qe2 Be7 12. O-O-O Na5 13. Kb1 g6 14. Bc1 O-O-O
15. e5 Ne8 16. Rhf1 Nc6 17. Nf3 d5 18. Qf2 b5 19. Be3 Qb7 20. Ne2 Nc7 21. Nc1
Na5 22. Nd3 Nc4 23. Bc5 Bxc5 24. Nxc5 Qb6 25. b3 Na3+ 26. Kb2 b4 27. Ne4 Qa5
28. Qc5 Nab5 29. Nd6+ Kb8 30. c4 bxc3+ 31. Ka1 Rc8 32. b4 1-0

[Event "Cto. Espana Selecciones Autonomicas"]
[Site "Padron"]
[Date "2006.10.05"]
[Round "1.1"]
[White "Serrano Bozada, Esteban"]
[Black "Llaneza Vega, Patricia"]
[Result "1/2-1/2"]
[WhiteElo "2073"]
[BlackElo "2232"]
[PlyCount "67"]
[EventDate "2006.10.??"]

1. e4 c5 2. Nf3 Nc6 3. c3 Nf6 4. e5 Nd5 5. d4 cxd4 6. cxd4 d6 7. Bc4 Nb6 8. Bb5
dxe5 9. Nxe5 Bd7 10. Nxd7 Qxd7 11. Nc3 e6 12. O-O Be7 13. Qg4 Kf8 14. Rd1 Nd5
15. Bf4 h5 16. Qf3 h4 17. Rac1 Nxf4 18. Qxf4 Rh5 19. Qe4 Rd8 20. Be2 Rh6 21. d5
exd5 22. Rxd5 Qe6 23. Bc4 Qxe4 24. Nxe4 Rxd5 25. Bxd5 f5 26. Nc5 Nd4 27. Kf1 b6
28. Nd7+ Ke8 29. Ne5 Rd6 30. Rc8+ Rd8 31. Bf7+ Kf8 32. Rxd8+ Bxd8 33. Bc4 Ke8
34. Ke1 1/2-1/2

[Event "Cto. Espana Selecciones Autonomicas"]
[Site "Padron"]
[Date "2006.10.05"]
[Round "1.2"]
[White "Salgado Lopez, Ivan"]
[Black "Alonso Arburu, Juan Ignacio"]
[Result "1/2-1/2"]
[WhiteElo "2425"]
[BlackElo "2357"]
[PlyCount "107"]
[EventDate "2006.10.??"]

1. e4 e5 2. Nf3 d6 3. d4 Nd7 4. Bc4 c6 5. O-O Be7 6. dxe5 dxe5 7. Ng5 Bxg5 8.
Qh5 Qe7 9. Qxg5 Ngf6 10. Qxg7 Rg8 11. Qh6 Nxe4 12. Nc3 Nd6 13. Bd3 Nf8 14. Re1
Bg4 15. Bf4 f6 16. Bg3 O-O-O 17. Qe3 Kb8 18. f4 Nd7 19. fxe5 fxe5 20. Bxe5 Nxe5
21. Qxe5 Qc7 22. Kh1 Rde8 23. Qf6 Ref8 24. Qe7 Bd7 25. Rad1 Nf5 26. Qe5 Rg5 27.
Qxc7+ Kxc7 28. Ne4 Rg6 29. Rd2 Re8 30. Rf1 Re5 31. c4 Rg4 32. Nf6 Rd4 33. Bxf5
Rxf5 34. Rxf5 Rxd2 35. Rf1 Rxb2 36. h4 Be6 37. Rf4 h6 38. Re4 Bf5 39. Re5 Bd3
40. c5 b5 41. Re7+ Kb8 42. a3 Bf1 43. g4 a5 44. g5 hxg5 45. h5 b4 46. h6 Bd3
47. Ne4 Rb3 48. Kg2 Rb2+ 49. Kg3 Rb1 50. h7 Rh1 51. axb4 Bxe4 52. Rxe4 Rxh7 53.
bxa5 Kb7 54. Rb4+ 1/2-1/2

[Event "Cto. Espana Selecciones Autonomicas"]
[Site "Padron"]
[Date "2006.10.05"]
[Round "1.2"]
[White "Limeres, Cristobal"]
[Black "Paramos Dominguez, Roberto"]
[Result "0-1"]
[WhiteElo "2263"]
[BlackElo "2414"]
[PlyCount "90"]
[EventDate "2006.10.??"]

1. d4 Nf6 2. c4 g6 3. Nc3 Bg7 4. e4 d6 5. Nge2 O-O 6. Ng3 c5 7. d5 e6 8. Be2
exd5 9. exd5 a6 10. a4 Nbd7 11. O-O Ne8 12. Be3 f5 13. Qd2 Ne5 14. h3 Bd7 15.
Ra3 Rb8 16. f4 Nf7 17. Rb1 Nc7 18. b4 b6 19. bxc5 bxc5 20. Rab3 Rxb3 21. Rxb3
Re8 22. Bf2 Na8 23. Bd3 Qa5 24. Nge2 Qc7 25. Qa2 Rb8 26. Qb1 Rxb3 27. Qxb3 Nd8
28. Be1 Nb7 29. Qa2 Qb6 30. Nd1 Na5 31. Bc2 Kf7 32. Kh2 Bf6 33. Ne3 Nc7 34. Bd2
Nb7 35. Bb3 Ne8 36. a5 Qc7 37. Ba4 Bd8 38. Bxd7 Qxd7 39. Nc1 Nf6 40. Nb3 Qe8
41. Qb1 Kg8 42. g4 Ne4 43. Be1 fxg4 44. hxg4 Nf6 45. Qd3 Qxe3 0-1

[Event "Cto. Espana Selecciones Autonomicas"]
[Site "Padron"]
[Date "2006.10.05"]
[Round "1.2"]
[White "Suarez Pousa, Diego"]
[Black "Galzagorri Uli, Yeray"]
[Result "0-1"]
[WhiteElo "2394"]
[BlackElo "2227"]
[PlyCount "104"]
[EventDate "2006.10.??"]

1. e4 c5 2. Nc3 Nc6 3. Nf3 g6 4. d4 cxd4 5. Nxd4 Bg7 6. Be3 d6 7. Qd2 Nf6 8. f3
O-O 9. Bc4 Bd7 10. Bb3 Qa5 11. O-O Rfc8 12. Qf2 Ne5 13. Rfd1 Nc4 14. Bxc4 Rxc4
15. Nb3 Qa6 16. a3 b6 17. Qf1 Qc8 18. Rd2 b5 19. Bd4 Be6 20. Qf2 b4 21. axb4
Rxb4 22. Nd5 Bxd5 23. exd5 Rb5 24. Qe2 Qd7 25. Ra5 a6 26. Qc4 Rc8 27. Qa4 Rxa5
28. Qxa5 Qb7 29. Bc3 Nd7 30. Bxg7 Kxg7 31. Qa4 Ne5 32. Qd4 Rc4 33. Qe3 Rb4 34.
Kf1 a5 35. f4 Ng4 36. Qg3 Nf6 37. Nd4 Qxd5 38. c3 Ne4 39. Qe3 Nxd2+ 40. Qxd2
Rb8 41. f5 a4 42. Qg5 Qe4 43. Ne6+ fxe6 44. Qxe7+ Kh6 45. h4 Qxf5+ 46. Kg1 Rf8
47. Kh1 Qf1+ 48. Kh2 Qf6 49. Qa7 Qxh4+ 50. Kg1 Qe1+ 51. Kh2 Qe5+ 52. Kg1 Qc5+
0-1

[Event "Cto. Espana Selecciones Autonomicas"]
[Site "Padron"]
[Date "2006.10.05"]
[Round "1.2"]
[White "Martin Echeandia, Ibon"]
[Black "Garcia Carbo, Marcial"]
[Result "0-1"]
[WhiteElo "2232"]
[BlackElo "2384"]
[PlyCount "70"]
[EventDate "2006.10.??"]

1. e4 e6 2. d4 d5 3. e5 c5 4. c3 Nc6 5. Nf3 Bd7 6. Bd3 Rc8 7. a3 cxd4 8. cxd4
Qb6 9. O-O Nxd4 10. Nxd4 Qxd4 11. Nc3 Qxe5 12. Re1 Qd6 13. Qf3 Nf6 14. Bf4 Qb6
15. Nxd5 Nxd5 16. Qxd5 Be7 17. Qf3 O-O 18. Rad1 Rfd8 19. Be5 Be8 20. Qg4 g6 21.
Re3 Rd5 22. Rde1 Bc5 23. Qf4 Bxe3 24. fxe3 Rcc5 25. Bf6 e5 26. Qh4 Rxd3 27. Rf1
Rc6 28. Bg5 Rxe3 29. Kh1 Re2 30. Be7 Re6 31. Bb4 Bc6 32. Rg1 Qf2 33. Qg4 Rxb2
34. h4 Bxg2+ 35. Rxg2 Qxg2+ 0-1

[Event "Cto. Espana Selecciones Autonomicas"]
[Site "Padron"]
[Date "2006.10.05"]
[Round "1.2"]
[White "Guerra Bastida, Diego"]
[Black "Angulo Martinez, Jon"]
[Result "1-0"]
[WhiteElo "2361"]
[BlackElo "2133"]
[PlyCount "147"]
[EventDate "2006.10.??"]

1. c4 Nf6 2. Nf3 b6 3. g3 Bb7 4. Bg2 e6 5. O-O Be7 6. Nc3 c5 7. Re1 d5 8. cxd5
Nxd5 9. e4 Nb4 10. d4 cxd4 11. Nxd4 O-O 12. Be3 N8c6 13. Nxc6 Nxc6 14. Qa4 Qe8
15. Red1 Ne5 16. Qb3 Ng4 17. Bd2 Bc5 18. Be1 Rd8 19. h3 Rxd1 20. Rxd1 Nf6 21.
Kh2 Qa8 22. Qa4 Bc6 23. Qc4 Rd8 24. Rxd8+ Qxd8 25. b4 Qd4 26. Qa6 Bxb4 27. Ne2
Qc5 28. Bxb4 Bb5 29. Qxa7 Qxb4 30. Qxb6 Nd7 31. Qd8+ Nf8 32. Nd4 Bd7 33. Nb3
Qe1 34. Qb6 Qe2 35. Qa7 Qb2 36. e5 Qxe5 37. Nd4 Qe1 38. Nc6 g6 39. Qd4 Bxc6 40.
Bxc6 Qc1 41. Bg2 Qa3 42. Qd2 Qa4 43. Qb2 Nd7 44. a3 h5 45. h4 Kf8 46. Qc3 Qa7
47. Kg1 Ke7 48. Bf3 Qc5 49. Qxc5+ Nxc5 50. Kf1 Kd6 51. Ke2 Nb3 52. Kd3 Kc5 53.
Bd1 Nd4 54. Ba4 Nf5 55. Be8 Nd6 56. Bd7 Kd5 57. a4 Kc5 58. Ke3 e5 59. f3 f5 60.
a5 Nc4+ 61. Kf2 Nd6 62. Ke2 f4 63. gxf4 exf4 64. Kd3 g5 65. hxg5 Nf7 66. g6
Ne5+ 67. Ke4 Nxg6 68. Kf5 Ne7+ 69. Kxf4 Kd6 70. Be8 Nd5+ 71. Kg5 Kc7 72. Bxh5
Kb7 73. Bf7 Ne3 74. Kf4 1-0

[Event "Cto. Espana Selecciones Autonomicas"]
[Site "Padron"]
[Date "2006.10.05"]
[Round "1.2"]
[White "Camara Gil, Paula"]
[Black "Beltran Ortiz, Edda"]
[Result "0-1"]
[WhiteElo "1894"]
[BlackElo "1940"]
[PlyCount "62"]
[EventDate "2006.10.??"]

1. e4 c5 2. Nc3 Nc6 3. f4 d6 4. Nf3 e6 5. g3 g6 6. Bg2 Bg7 7. d3 Nge7 8. Be3
Nd4 9. O-O O-O 10. g4 f5 11. exf5 exf5 12. g5 Re8 13. h4 Be6 14. Bxd4 cxd4 15.
Ne2 Qb6 16. Qd2 Nd5 17. Bh1 Rac8 18. Rfc1 Ne3 19. Kh2 Rc7 20. c3 Ng4+ 21. Kg3
dxc3 22. bxc3 Qf2+ 23. Kh3 Bd5 24. Ned4 Qxd2 25. Nxd2 Bxh1 26. Rxh1 Nf2+ 27.
Kg2 Nxh1 28. Nb5 Rc5 29. Nxd6 Re2+ 30. Kxh1 Rxd2 31. Re1 Rxd3 0-1

[Event "Cto. Espana Selecciones Autonomicas"]
[Site "Padron"]
[Date "2006.10.05"]
[Round "1.3"]
[White "Reinaldo Castineira, Roi"]
[Black "Villavicencio Martinez, Adalberto"]
[Result "1-0"]
[WhiteElo "2441"]
[BlackElo "2404"]
[PlyCount "52"]
[EventDate "2006.10.??"]

1. e4 c5 2. Nc3 d6 3. Nf3 a6 4. d4 cxd4 5. Nxd4 Nf6 6. f4 Nbd7 7. Be2 g6 8. O-O
Bg7 9. Kh1 O-O 10. a4 Nc5 11. Bf3 e5 12. Nde2 Re8 13. Ng3 h5 14. b4 exf4 15.
Bxf4 Ne6 16. Bxd6 Ng4 17. Bxg4 Bxc3 18. Ra3 Bg7 19. Bxh5 gxh5 20. Nxh5 Nf8 21.
Nxg7 Kxg7 22. Be5+ Kg8 23. Qh5 Rxe5 24. Qxf7+ Kh8 25. Rg3 Bg4 26. Rxg4 Ne6 1-0

[Event "Cto. Espana Selecciones Autonomicas"]
[Site "Padron"]
[Date "2006.10.05"]
[Round "1.3"]
[White "Solana Suarez, Ernesto"]
[Black "Pena Gomez, Manuel"]
[Result "1/2-1/2"]
[WhiteElo "2313"]
[BlackElo "2319"]
[PlyCount "67"]
[EventDate "2006.10.??"]

1. Nf3 Nf6 2. c4 g6 3. d4 Bg7 4. g3 O-O 5. Bg2 d5 6. cxd5 Nxd5 7. O-O Nc6 8. e4
Nb6 9. d5 Na5 10. Qe1 Nac4 11. Nc3 e6 12. b3 exd5 13. bxc4 dxe4 14. Nxe4 Bxa1
15. Bg5 f6 16. Bh6 Bf5 17. Bxf8 Qxf8 18. Nh4 Re8 19. Nxf5 gxf5 20. Qa5 fxe4 21.
Rxa1 Re5 22. Qxa7 Qc5 23. Qxb7 Qxc4 24. a4 Qc3 25. Rd1 e3 26. fxe3 Qxe3+ 27.
Kh1 Qc3 28. Rf1 Kg7 29. Bc6 Re7 30. Bb5 Re1 31. a5 Rxf1+ 32. Bxf1 Qxa5 33.
Qxc7+ Kh6 34. Qf4+ 1/2-1/2

[Event "Cto. Espana Selecciones Autonomicas"]
[Site "Padron"]
[Date "2006.10.05"]
[Round "1.3"]
[White "Permuy Lorenzo, Carlos"]
[Black "Vega Gutierrez, Sabrina"]
[Result "0-1"]
[WhiteElo "2358"]
[BlackElo "2299"]
[PlyCount "108"]
[EventDate "2006.10.??"]

1. e4 c5 2. Nf3 Nc6 3. d4 cxd4 4. Nxd4 Nf6 5. Nc3 e5 6. Ndb5 d6 7. Nd5 Nxd5 8.
exd5 Nb8 9. c4 Be7 10. Bd3 O-O 11. O-O a6 12. Nc3 f5 13. f3 Nd7 14. Be3 Bg5 15.
Bf2 Qf6 16. Na4 Rb8 17. Nb6 Nxb6 18. Bxb6 Bf4 19. Qe2 Qh6 20. g3 Bg5 21. b4 e4
22. fxe4 f4 23. Rae1 Bh3 24. Rf2 Rbe8 25. Bd4 fxg3 26. hxg3 Rxf2 27. Bxf2 Bd2
28. Rb1 Re5 29. Rb2 Bc3 30. Rb3 Bd2 31. Qf3 Rg5 32. Bf1 Bg4 33. Qd3 Rh5 34. Bg2
Bc1 35. c5 Qf6 36. Bd4 Qg6 37. cxd6 Rh6 38. Be3 Bxe3+ 39. Qxe3 Qh5 40. e5 Qh2+
41. Kf1 Rh5 42. Rb2 Bh3 43. Bxh3 Qxh3+ 44. Rg2 Qf5+ 45. Rf2 Qb1+ 46. Ke2 Qxa2+
47. Kd3 Qxd5+ 48. Qd4 Rxe5 49. d7 Qb3+ 50. Kd2 Qa2+ 51. Kc3 Qa3+ 52. Kc2 Qa2+
53. Qb2 Qxb2+ 54. Kxb2 Rd5 0-1

[Event "Cto. Espana Selecciones Autonomicas"]
[Site "Padron"]
[Date "2006.10.05"]
[Round "1.3"]
[White "Cabrera Trujillo, Jorge"]
[Black "Espineira Gonzalez, Diego"]
[Result "1-0"]
[WhiteElo "2255"]
[BlackElo "2292"]
[PlyCount "75"]
[EventDate "2006.10.??"]

1. e4 e6 2. d4 d5 3. Nd2 Nf6 4. e5 Nfd7 5. f4 c5 6. Ngf3 Nc6 7. Nb3 Be7 8. Be3
cxd4 9. Nbxd4 O-O 10. h4 Nxd4 11. Bxd4 Bc5 12. Bd3 Bxd4 13. Bxh7+ Kxh7 14. Ng5+
Kh6 15. Qxd4 Qb6 16. Qd3 f5 17. exf6 Nxf6 18. O-O-O Qa6 19. Qg3 Qe2 20. h5 Qg4
21. Qe3 Nxh5 22. g3 Kg6 23. Rdg1 Qf5 24. Rxh5 e5 25. Rh4 Bd7 26. Nf3 Rac8 27.
Nxe5+ Kf6 28. c3 Bb5 29. g4 Qe4 30. g5+ Ke6 31. f5+ Qxf5 32. Ng6+ Kd6 33. Nxf8
Rxf8 34. Qxa7 Qd3 35. Qb6+ Kd7 36. Qxb7+ Kd8 37. Re1 Qf5 38. Qb8+ 1-0

[Event "Cto. Espana Selecciones Autonomicas"]
[Site "Padron"]
[Date "2006.10.05"]
[Round "1.3"]
[White "Fernandez Losada, Daniel"]
[Black "Vega Gutierrez, Belinda"]
[Result "1-0"]
[WhiteElo "2145"]
[BlackElo "2184"]
[PlyCount "59"]
[EventDate "2006.10.??"]

1. e4 e5 2. Nf3 Nc6 3. Bc4 Be7 4. c3 Nf6 5. d3 O-O 6. Nbd2 d6 7. Bb3 Na5 8. Bc2
c5 9. d4 Qc7 10. d5 b5 11. b3 Ne8 12. Qe2 a6 13. O-O f5 14. exf5 Bxf5 15. Bxf5
Rxf5 16. Ne4 h6 17. Kh1 Rf7 18. g4 Nf6 19. Nxf6+ Bxf6 20. g5 hxg5 21. Bxg5 Qe7
22. Rg1 Raf8 23. Qe4 Nb7 24. Rg3 Qd7 25. Rag1 Nd8 26. Rg4 Re8 27. Qg6 Kf8 28.
Nh4 Qb7 29. c4 Qd7 30. Qh7 1-0

[Event "Cto. Espana Selecciones Autonomicas"]
[Site "Padron"]
[Date "2006.10.05"]
[Round "1.3"]
[White "Hernandez Leon, Alberto"]
[Black "Gonzalez Campo, Greta"]
[Result "1-0"]
[WhiteElo "2179"]
[BlackElo "1889"]
[PlyCount "51"]
[EventDate "2006.10.??"]

1. e4 e5 2. Nf3 Nc6 3. Bb5 Nf6 4. O-O a6 5. Bxc6 dxc6 6. Nxe5 Bd6 7. Nf3 Be7 8.
Re1 Bg4 9. h3 Bh5 10. d3 h6 11. Nbd2 g5 12. Nf1 g4 13. e5 Nd5 14. Ng3 Bg6 15.
hxg4 Qd7 16. e6 Qd6 17. exf7+ Kd8 18. Ne5 Qf6 19. Qf3 Qd6 20. Nf5 Bxf5 21. Qxf5
Bf6 22. Ng6 Ne7 23. Rxe7 Bxe7 24. Nxh8 Qb4 25. c3 Qa4 26. Bxh6 1-0

[Event "Cto. Espana Selecciones Autonomicas"]
[Site "Padron"]
[Date "2006.10.05"]
[Round "1.4"]
[White "Gallardo Garcia, Andres"]
[Black "Espineira Gonzalez, Pablo"]
[Result "1-0"]
[WhiteElo "2314"]
[BlackElo "2217"]
[PlyCount "53"]
[EventDate "2006.10.??"]

1. d4 d5 2. c4 e6 3. Nf3 Nf6 4. g3 c6 5. Bg2 Be7 6. O-O O-O 7. Qc2 b6 8. Rd1
Nbd7 9. Nc3 Ba6 10. Ne5 Qc7 11. Qa4 Bb7 12. Bf4 Bd6 13. Nxd7 Qxd7 14. Bg5 Qc7
15. Rac1 dxc4 16. Qxc4 Rac8 17. e4 e5 18. Bh3 exd4 19. Bxc8 Rxc8 20. Bxf6 gxf6
21. Qxd4 Be5 22. Qd7 c5 23. Qg4+ Kf8 24. Rd7 Qc6 25. Rcd1 Bd4 26. Ne2 Bxb2 27.
Qh5 1-0

[Event "Cto. Espana Selecciones Autonomicas"]
[Site "Padron"]
[Date "2006.10.05"]
[Round "1.4"]
[White "Abuin Boullon, Manuel Angel"]
[Black "Alonso Fernandez, Marcos"]
[Result "0-1"]
[WhiteElo "2144"]
[BlackElo "2311"]
[PlyCount "70"]
[EventDate "2006.10.??"]

1. e4 c5 2. Nf3 e6 3. d4 cxd4 4. Nxd4 Nc6 5. c4 Nf6 6. Nc3 Bb4 7. Nxc6 bxc6 8.
e5 Ne4 9. Qd3 Qa5 10. a3 Nxc3 11. axb4 Qxa1 12. Qxc3 a5 13. bxa5 Qxa5 14. Bd2
Qxc3 15. Bxc3 Ra1+ 16. Kd2 Ba6 17. b4 Ra2+ 18. Ke3 Rc2 19. Bd4 Bxc4 20. Bxc4
Rxc4 21. Ra1 O-O 22. Bc5 Rd8 23. Kd3 Rg4 24. g3 f6 25. f4 Kf7 26. Ra7 h5 27.
Ke3 g5 28. Bb6 gxf4+ 29. gxf4 Rb8 30. Bc5 fxe5 31. Rxd7+ Kg6 32. fxe5 Ra8 33.
Rd6 Kf5 34. Rxc6 Ra3+ 35. Kf2 Rc4 0-1

[Event "Cto. Espana Selecciones Autonomicas"]
[Site "Padron"]
[Date "2006.10.05"]
[Round "1.4"]
[White "Fernandez Garcia, Miguel Angel"]
[Black "Pazos Porta, Antonio"]
[Result "1-0"]
[WhiteElo "2304"]
[BlackElo "2142"]
[PlyCount "55"]
[EventDate "2006.10.??"]

1. d4 Nf6 2. c4 e5 3. dxe5 Ng4 4. Nh3 Nxe5 5. e3 a5 6. Nf4 Na6 7. Be2 Bb4+ 8.
Nd2 O-O 9. O-O Re8 10. Nf3 d6 11. a3 Bc5 12. Bd2 c6 13. b4 Bb6 14. Bc3 Ng4 15.
Nd4 Qh4 16. h3 Nxe3 17. fxe3 g5 18. Bh5 Rxe3 19. Bxf7+ Kf8 20. Nfe2 Rxc3 21. c5
Rxh3 22. Be6+ Ke8 23. Bxh3 dxc5 24. Nf3 cxb4+ 25. Kh1 Qh6 26. Ned4 g4 27. Qe2+
Kd8 28. Rad1 1-0

[Event "Cto. Espana Selecciones Autonomicas"]
[Site "Padron"]
[Date "2006.10.05"]
[Round "1.4"]
[White "Vega Gomez, Borja"]
[Black "Lopez del Alamo, Antonio"]
[Result "0-1"]
[WhiteElo "2125"]
[BlackElo "2301"]
[PlyCount "88"]
[EventDate "2006.10.??"]

1. Nf3 Nf6 2. d4 g6 3. g3 Bg7 4. Bg2 O-O 5. O-O d6 6. Nc3 Nbd7 7. e4 e5 8. h3
Re8 9. Re1 c6 10. a4 a5 11. Be3 Qe7 12. Qd2 exd4 13. Nxd4 Ne5 14. b3 Bxh3 15.
Bxh3 c5 16. Bg2 cxd4 17. Bxd4 h5 18. Rad1 h4 19. Nd5 Nxd5 20. exd5 hxg3 21.
fxg3 Qd7 22. c4 Qg4 23. Bf2 Qh5 24. Qe2 Ng4 25. Qxe8+ Rxe8 26. Rxe8+ Kh7 27.
Rd3 Be5 28. Be1 Qh2+ 29. Kf1 Qh6 30. Bd2 Qh5 31. Bxa5 Qf5+ 32. Rf3 Nh2+ 33. Ke2
Qe4+ 34. Re3 Qxg2+ 35. Kd3 Ng4 36. Re2 Qf3+ 37. Kd2 Qxb3 38. Bd8 Qc3+ 39. Kd1
Ne3+ 40. Rxe3 Qxe3 41. Re7 Kg7 42. Rxb7 Bc3 43. Kc2 Qd2+ 44. Kb1 Qd1+ 0-1

[Event "Cto. Espana Selecciones Autonomicas"]
[Site "Padron"]
[Date "2006.10.05"]
[Round "1.4"]
[White "Arribas Lopez, Angel"]
[Black "Senlle Caride, Miguel"]
[Result "1-0"]
[WhiteElo "2199"]
[BlackElo "2084"]
[PlyCount "91"]
[EventDate "2006.10.??"]

1. Nf3 d5 2. g3 c5 3. Bg2 Nc6 4. O-O Nf6 5. d3 e5 6. e4 dxe4 7. dxe4 Qxd1 8.
Rxd1 Bg4 9. Re1 h6 10. Na3 Be6 11. b3 O-O-O 12. Bb2 Bd6 13. Nd2 Bc7 14. Ndc4
Bxc4 15. Nxc4 Rhe8 16. Ne3 Ba5 17. Red1 Nd4 18. Kf1 g6 19. Rac1 Kb8 20. c3 Nb5
21. Nd5 Nxd5 22. exd5 f5 23. a4 Nd6 24. c4 Bb4 25. Rc2 g5 26. Re2 e4 27. f3
exf3 28. Bxf3 g4 29. Bg2 Rxe2 30. Kxe2 Re8+ 31. Kd3 Kc7 32. Rf1 Kd7 33. h3 h5
34. hxg4 hxg4 35. Bc1 Rh8 36. Bf4 Rh2 37. Rh1 Rxg2 38. Rh7+ Kc8 39. Bxd6 Rb2
40. Be5 Rxb3+ 41. Ke2 Bc3 42. Bf4 Bf6 43. d6 Rb2+ 44. Kd1 b6 45. Rc7+ Kd8 46.
Rf7 1-0

[Event "Cto. Espana Selecciones Autonomicas"]
[Site "Padron"]
[Date "2006.10.05"]
[Round "1.4"]
[White "Devesa Raris, Lorena"]
[Black "Pascual Palomo, Lucia"]
[Result "0-1"]
[WhiteElo "1756"]
[BlackElo "2102"]
[PlyCount "64"]
[EventDate "2006.10.??"]

1. e4 e6 2. d4 d5 3. e5 c5 4. c3 Nc6 5. Nf3 Bd7 6. Bd3 Qb6 7. O-O cxd4 8. cxd4
Nxd4 9. Nxd4 Qxd4 10. Nc3 a6 11. a3 Qxe5 12. Re1 Qd6 13. Qf3 Bc6 14. Bf4 Qd7
15. Rad1 Nf6 16. Bc2 Be7 17. Re5 Bd6 18. Re2 Bxf4 19. Qxf4 O-O 20. Ne4 Nxe4 21.
Bxe4 Rac8 22. Qh4 f5 23. Bd3 Rf6 24. Rde1 Qd6 25. Qd4 Bd7 26. Re5 Qc5 27. Qf4
Rg6 28. Qd2 Qd4 29. R5e3 Bb5 30. Rd1 Bxd3 31. Rxd3 Qe4 32. Rf3 Qxf3 0-1

[Event "Cto. Espana Selecciones Autonomicas"]
[Site "Padron"]
[Date "2006.10.05"]
[Round "1.5"]
[White "Bolado Saez, Sergio"]
[Black "Gonzalez Menendez, Ivan"]
[Result "1-0"]
[WhiteElo "2297"]
[BlackElo "2420"]
[PlyCount "39"]
[EventDate "2006.10.??"]

1. e4 e6 2. d4 d5 3. Nc3 Bb4 4. e5 c5 5. Bd2 Nh6 6. a3 Bxc3 7. Bxc3 b6 8. Nf3
O-O 9. g4 Nxg4 10. Bd2 f6 11. Rg1 fxe5 12. Rxg4 Qf6 13. Be2 cxd4 14. Rg2 Ba6
15. Bg5 Qf5 16. Nh4 Qf7 17. Bh5 Qd7 18. Bh6 Qb5 19. Rxg7+ Kh8 20. Rg1 1-0

[Event "Cto. Espana Selecciones Autonomicas"]
[Site "Padron"]
[Date "2006.10.05"]
[Round "1.5"]
[White "Llaneza Vega, Marcos"]
[Black "Revilla Rio, Francisco"]
[Result "1-0"]
[WhiteElo "2381"]
[BlackElo "2200"]
[PlyCount "61"]
[EventDate "2006.10.??"]

1. e4 c6 2. d4 d5 3. f3 g6 4. Nc3 Bg7 5. Be3 e6 6. Qd2 b6 7. O-O-O Ba6 8. Bxa6
Nxa6 9. exd5 cxd5 10. Qd3 Nc7 11. h4 h5 12. g4 Nf6 13. Nge2 hxg4 14. fxg4 Nxg4
15. Bg5 Bh6 16. Bxh6 Nxh6 17. h5 Qg5+ 18. Kb1 gxh5 19. Nb5 Kd7 20. Nec3 a6 21.
Nxc7 Kxc7 22. Na4 Rhc8 23. Qf3 Nf5 24. Rxh5 Qg6 25. Rh3 Rab8 26. Qa3 Kb7 27.
Rb3 Ka7 28. Nc3 Nxd4 29. Rxd4 Rc6 30. Nb5+ Kb7 31. Qe7+ 1-0

[Event "Cto. Espana Selecciones Autonomicas"]
[Site "Padron"]
[Date "2006.10.05"]
[Round "1.5"]
[White "Ceballos Hornero, Daniel"]
[Black "Andres Gonzalez, Ivan"]
[Result "1/2-1/2"]
[WhiteElo "2178"]
[BlackElo "2367"]
[PlyCount "52"]
[EventDate "2006.10.??"]

1. c4 e6 2. Nc3 Nf6 3. d4 d5 4. Bg5 Be7 5. e3 O-O 6. Nf3 Ne4 7. Bxe7 Qxe7 8.
cxd5 Nxc3 9. bxc3 exd5 10. Qb3 c6 11. Bd3 b6 12. O-O Be6 13. Rfe1 Nd7 14. Qa4
Qd6 15. e4 dxe4 16. Bxe4 Bd5 17. c4 Bxe4 18. Rxe4 Nf6 19. Re3 a6 20. Qa3 Rfd8
21. Qxd6 Rxd6 22. a4 Kf8 23. Kf1 Rc8 24. Rb1 Nd7 25. g4 h6 26. h3 Rd8 1/2-1/2

[Event "Cto. Espana Selecciones Autonomicas"]
[Site "Padron"]
[Date "2006.10.05"]
[Round "1.5"]
[White "Vigil Alvarez, Luis"]
[Black "Angulo Martinez, Jon"]
[Result "1-0"]
[WhiteElo "2324"]
[BlackElo "2114"]
[PlyCount "115"]
[EventDate "2006.10.??"]

1. d4 d5 2. Nf3 Nf6 3. e3 Bf5 4. c4 c6 5. Nc3 e6 6. Be2 Nbd7 7. Nh4 Bg6 8. Nxg6
hxg6 9. Qc2 Bd6 10. g3 dxc4 11. Bxc4 Nb6 12. Be2 e5 13. dxe5 Bxe5 14. Bd2 Qe7
15. Qb3 O-O 16. O-O Rfd8 17. Rfd1 Rd7 18. Be1 Rad8 19. Rxd7 Rxd7 20. Rd1 Rxd1
21. Nxd1 Qd7 22. f4 Bd6 23. Bf3 Qf5 24. Kg2 g5 25. Nc3 gxf4 26. exf4 Bc5 27.
Qd1 Qd7 28. Qxd7 Nfxd7 29. Ne4 Bd4 30. b3 Nc8 31. Bg4 Ndb6 32. a4 Ne7 33. Nd6
Nbd5 34. Nxb7 Ne3+ 35. Kh3 c5 36. Bf3 c4 37. bxc4 Nxc4 38. Bb4 Nf5 39. a5 Nfe3
40. Be4 g6 41. Nd6 Nxd6 42. Bxd6 Nc4 43. Bb4 Kg7 44. g4 f6 45. Kg3 g5 46. h4
gxh4+ 47. Kxh4 Bf2+ 48. Kh5 Bd4 49. Kh4 Be3 50. Kg3 Bd4 51. Kf3 Be3 52. Bd5 Bd2
53. Bxd2 Nxd2+ 54. Ke3 Nf1+ 55. Ke2 Nh2 56. Be6 Kf8 57. Kf2 Ke7 58. Bf5 1-0